|
|
|
|
| LEADER |
00000nam2a2200000 4500 |
| 001 |
205000 |
| 005 |
20231101225243.0 |
| 035 |
|
|
|a (RuTPU)RU\TPU\book\223450
|
| 035 |
|
|
|a RU\TPU\book\223448
|
| 090 |
|
|
|a 205000
|
| 100 |
|
|
|a 20111206d1921 k y0rusy50 ca
|
| 101 |
0 |
|
|a rus
|
| 102 |
|
|
|a RU
|
| 105 |
|
|
|a ab z 001zy
|
| 200 |
0 |
|
|a № 17: Некоторые результаты геологических исследований в Тельбесском железорудном районе
|f П. П. Гудков
|
| 210 |
|
|
|d 1921
|
| 215 |
|
|
|a 16 с.
|c карты
|
| 320 |
|
|
|a Библиогр. в тексте
|
| 461 |
|
1 |
|0 (RuTPU)RU\TPU\book\223388
|t Материалы по геологии и полезным ископаемым Дальнего Востока
|f Геологический комитет Дальнего Востока
|v № 17: Некоторые результаты геологических исследований в Тельбесском железорудном районе
|d 1920-1929
|
| 606 |
1 |
|
|a Геологические исследования
|2 stltpush
|3 (RuTPU)RU\TPU\subj\6042
|9 34006
|
| 606 |
1 |
|
|a Полезные ископаемые
|x Геология
|2 stltpush
|3 (RuTPU)RU\TPU\subj\50069
|9 68818
|
| 610 |
1 |
|
|a исследования
|
| 610 |
1 |
|
|a геология
|
| 610 |
1 |
|
|a Дальний Восток
|
| 610 |
1 |
|
|a железорудные месторождения
|
| 610 |
1 |
|
|a труды учёных ТПУ
|
| 610 |
1 |
|
|a библиотека М. А. Усова
|
| 675 |
|
|
|a 55
|v 3
|
| 675 |
|
|
|a 553
|v 3
|
| 700 |
|
1 |
|a Гудков
|b П. П.
|c российский геолог
|c профессор Томского технологического института (1907-1918)
|f 1881-1955
|g Павел Павлович
|2 stltpush
|3 (RuTPU)RU\TPU\pers\13854
|
| 801 |
|
1 |
|a RU
|b 63413507
|c 20040406
|g PSBO
|
| 801 |
|
2 |
|a RU
|b 63413507
|c 20170426
|g PSBO
|
| 942 |
|
|
|c BK
|